• 首页
  • 本馆介绍
  • 公告通知
  • 最新文献
  • 馆藏检索
  • 电子资源
  • 读者导购
  • 参考咨询
  • 我的图书馆
  • 登录
  • 详细信息显示
  • 放入我的书架
  • 预约/预借图书
  • 作者相关作品
  • 分类相关作品
  • 丛书相关作品
  • 出版社相关作品

书目信息

  • 表格格式
  • 工作单格式
  • 卡片格式
题名:
电脑美术精品设计
    
 
作者: 张建淳 著
分册:  
出版信息: 沈阳   辽宁美术出版社  1998.10
页数: 128页
开本: 16开
丛书名:
单 册:
中图分类: J2-39
科图分类:
主题词: 绘画
电子资源:
ISBN: 7-5314-1954-8
000 00493nam0 2200193 45
001 0003071495
005 20031219104043.3
010    @a7-5314-1954-8@dCNY50.00
100    @a20000307d1998 km y0chiy0120 ea
101    @achi
105    @a z 000yy
200 1  @a电脑美术精品设计@f张建淳,张建哲著
210    @a沈阳@c辽宁美术出版社@d1998.10
215    @a128页@d16开
606 0  @a绘画
690    @aJ2-39@v1
701    @a张建淳@4著
801    @aCN@bTSTC@c20000307
905    @f2@b285653-654@dJ2-39@e9
    
    电脑美术精品设计/张建淳,张建哲著.-沈阳:辽宁美术出版社,1998.10
    128页;16开
    
    
    ISBN 7-5314-1954-8:CNY50.00
    
●
相关链接 在E读中查询图书 在五车中查询图书 在当当中查询图书 在豆瓣中查询图书


正题名:电脑美术精品设计     索取号:J2-39/9         预约/预借

序号 登录号 条形码 馆藏地/架位号 状态 备注
1 0285653   002856537   第一借阅区/ [索取号:J2-39/9] 在馆    
2 0285654   002856546   第一样本阅览室/ [索取号:J2-39/9] 在馆    
唐山师范学院图书馆 欢迎您!
大连网信软件有限公司© 版权所有